Jak vybrat vhodného poradce?
Zhrnutie zásad pre výber poradcov v oblasti riadenia a podnikania. Náčrt problémových situácií, ktoré vyžadujú využiť služby poradcu. Dva vzťahy vznikajúce pri používaní poradenských služieb: inštitucionálny a ľudský. Postup pri výbere poradenskej firmy. Šírka problémov, ktoré možno zveriť jednej fi...
Saved in:
| Main Author: | |
|---|---|
| Format: | Book Chapter |
| Language: | Czech |
| Subjects: | |
| Tags: |
No Tags, Be the first to tag this record!
|
MARC
| LEADER | 00000naa a2200000 4500 | ||
|---|---|---|---|
| 001 | r006294 | ||
| 005 | 20221125075622.9 | ||
| 041 | 0 | |a cze | |
| 044 | |a [CS] | ||
| 245 | 1 | 0 | |a Jak vybrat vhodného poradce? |c M. Kubr |
| 520 | |a Zhrnutie zásad pre výber poradcov v oblasti riadenia a podnikania. Náčrt problémových situácií, ktoré vyžadujú využiť služby poradcu. Dva vzťahy vznikajúce pri používaní poradenských služieb: inštitucionálny a ľudský. Postup pri výbere poradenskej firmy. Šírka problémov, ktoré možno zveriť jednej firme. Technika určovania honoráru poradenskej firme. Nevyhnutnosť úzkej spolupráce poradcu a klienta. | ||
| 610 | 2 | 0 | |a poradenstvo |
| 610 | 2 | 0 | |a riadenie |
| 610 | 2 | 0 | |a podnikanie |
| 610 | 2 | 0 | |a pracovníci odborní |
| 610 | 2 | 0 | |a honoráre |
| 100 | 1 | |a Kubr, M. | |